Tiempos Del Cólera P420-430 - Statistics

General Stats
  • This quiz has been taken 5 times
  • The average score is 30 of 55
Answer Stats
Term Answer % Correct
Emperatriz Empress
100%
Liebre Hare
100%
Dulcificar Sweeten
100%
Inexplicado Unexplained
100%
Vanidad Vanity
100%
Desperdicio Waste
100%
Capricho Whim
100%
Tentativa Attempt
50%
Desván Attic
50%
Saldo Balance
50%
Babero Bib
50%
Brocado Brocade
50%
Féretro Coffin
50%
Pésame Condolences
50%
Esquela Death Notice
50%
Exigencia Demand
50%
Turbar Disturb
50%
Vahído Dizzy Spell
50%
Desaguar Drain
50%
Aderezo Dressing
50%
Trepidante Frenetic
50%
Vigente In Force
50%
Inasible Intangible
50%
Lanceolado Lance Shaped
50%
Solapa Lapel
50%
Fastuoso Lavish
50%
Traza Layout
50%
Alcurnia Lineage
50%
Desmadre Mess
50%
Naftalina Mothballs
50%
Motovelero Motor Sailboat
50%
Nebulosa Nebula
50%
Chicharrón Pork Scratching
50%
Racionalizar Rationalise
50%
Caucho Rubber
50%
Sazonar Season
50%
Botonadura Set Of Buttons
50%
Chalina Shawl
50%
Vitrina Showcase
50%
Rascacielos Skyscraper
50%
Desaire Snub
50%
Caballeriza Stable
50%
Señorial Stately
50%
Chécheres Stuff
50%
Embrutecer Stupefy
50%
Engañifa Trick
50%
Pasamanería Trimmings
50%
Desocupar Vacate
50%
Velar Veil
50%
Afónico Voiceless
50%
Resentirse Weaken
50%
Sapiencia Wisdom
50%
Sotana Cassock
0%
Prestancia Poise
0%
Charolar Varnish
0%
No matching quizzes found
Score Distribution
Percent of People with Each Score
Percentile by Number Answered
Your Score History
You have not taken this quiz